Statistics for Number by Picture Quiz

Click here to take the quiz!

General Stats

  • This quiz has been taken 17,990 times
    (17,957 since last reset)
  • The average score is 12 of 20

Answer Stats

Answer% Correct
12
99%
3
98%
8
95%
101
84%
8
84%
4
78%
25
76%
6
67%
747
57%
11
56%
13
53%
18
50%
206
49%
20
43%
33
41%
9
40%
88
39%
1600
33%
14
29%
1001
23%

Score Distribution

Percentile by Number Answered

Percent of People with Each Score

Your Score History

You have not taken this quiz since the last reset